Hacia un nuevo modelo político en el marco de la globalización /

El objetivo de este trabajo es examinar en el marco de la globalidad las tendencias que perfilan un nuevo modelo político para la sociedad postmoderna. Se reflexiona en esta línea acerca del rol del estado y las asociaciones del tercer sector que opera como redes en función de objetivos colectivamen...

Description complète

Enregistré dans:
Détails bibliographiques
Auteur principal: Cuñarro Conde, Edith Mabel
Format: Texte
Sujets:
Tags: Ajouter un tag
Pas de tags, Soyez le premier à ajouter un tag!

MARC

LEADER 00000 a a2200000 04500
001 2942
003
040
100 |a Cuñarro Conde, Edith Mabel  
245 |a Hacia un nuevo modelo político en el marco de la globalización /  |c Edith Mabel Cuñarro Conde 
500 |a Resumen en inglés  
520 |a El objetivo de este trabajo es examinar en el marco de la globalidad las tendencias que perfilan un nuevo modelo político para la sociedad postmoderna. Se reflexiona en esta línea acerca del rol del estado y las asociaciones del tercer sector que opera como redes en función de objetivos colectivamente compartidos a través del establecimiento de coordinación entre los principales subsistemas. DOC/WMV  
650 |a GLOBALIZACION  
650 |a ESTADO  
650 |a MOVIMIENTOS SOCIALES  
773 |g volumen 5, número 9; páginas 205-215  
999 |c 35946  |d 35946